000 00833cam a22002894a 4500
999 _c19378
_d19378
001 YPZ88547
003 YPZ
005 20210811081652.0
008 080512|###########||||||b||||||||||spa|d
020 _a9508921137
040 _cSIUNPA
_bspa
_eAACR2
041 _aspa
044 _aag
080 _a061.2 T628o
100 _aTobar, Federico.
245 _aOrganizaciones solidarias
_b : gestión e innovación en el tercer sector
_c/ Federico Tobar ... [et al.]
260 _aBuenos Aires
_b : Lugar
_c , 2001
300 _a154 p. :
_bil.
490 _a(Colección salud colectiva)
650 _a SOCIEDAD CIVIL
650 _a ORGANIZACION NO GUBERNAMENTAL
650 _a CAMBIO SOCIAL
651 0 _953
_aARGENTINA
700 _aFernández Pardo, Carlos A..
830 _9242
_aSalud colectiva (Lugar)
942 _cBK
_2udc